| 000 | 00423nam a22001337a 4500 | ||
|---|---|---|---|
| 020 | _a9781782745297 | ||
| 040 | _cNUST | ||
| 082 | _a358.4183 NEW | ||
| 100 |
_aNewdick, Thomas _982093 |
||
| 245 | _aTop 50 Military Aircraft | ||
| 260 |
_aLondon: _bAmber Books Ltd, _c2017. |
||
| 650 |
_aAirplanes, Military -- Encyclopedias -- Pictorial works. Airplanes, Military -- History. Airplanes, Military. _988984 |
||
| 942 |
_2ddc _cBK |
||
| 999 |
_c586402 _d586402 |
||